[Event "178th Stay Safe Play From Home series"]
[Site "T#646379Emanuel Laske"]
[Date "2020.05.27"]
[Round "7"]
[White "Weltszmerc"]
[Black "BrainThinker22"]
[Result "0-1"]
[WhiteElo "2048"]
[BlackElo "2208"]
[Annotator "NA"]
[PlyCount "116"]
[EventDate "2020.05.27"]
[EventType "swiss (blitz)"]

1. d4 {[%emt 0:00:04]} c5 {[%emt 0:00:00]} 2. c4 {[%emt 0:00:01]} cxd4 {[%emt 0:00:00]} 3. Nf3 {[%emt 0:00:01]} Nc6 {[%emt 0:00:00]} 4. Nxd4 {[%emt 0:00:01]} Nf6 {[%emt 0:00:00]} 5. Nxc6 {[%emt 0:00:01]} bxc6 {[%emt 0:00:00]} 6. Nc3 {[%emt 0:00:01]} g6 {[%emt 0:00:00]} 7. e4 {[%emt 0:00:01]} d6 {[%emt 0:00:00]} 8. Be3 {[%emt 0:00:01]} Bg7 {[%emt 0:00:00]} 9. f3 {[%emt 0:00:00]} O-O {[%emt 0:00:00]} 10. Be2 {[%emt 0:00:00]} Be6 {[%emt 0:00:00]} 11. O-O {[%emt 0:00:01]} Qa5 {[%emt 0:00:01]} 12. Rc1 {[%emt 0:00:01]} Rab8 {[%emt 0:00:00]} 13. b3 {[%emt 0:00:01]} Rfd8 {[%emt 0:00:02]} 14. Qd2 {[%emt 0:00:00]} d5 {[%emt 0:00:01]} 15. cxd5 {[%emt 0:00:02]} cxd5 {[%emt 0:00:00]} 16. exd5 {[%emt 0:00:01]} Nxd5 {[%emt 0:00:03]} 17. Nxd5 {[%emt 0:00:01]} Qxd2 {[%emt 0:00:00]} 18. Bxd2 {[%emt 0:00:03]} Rxd5 {[%emt 0:00:01]} 19. Be3 {[%emt 0:00:02]} Bd4 {[%emt 0:00:01]} 20. Bxd4 {[%emt 0:00:01]} Rxd4 {[%emt 0:00:00]} 21. Rfd1 {[%emt 0:00:01]} Rbd8 {[%emt 0:00:00]} 22. Rxd4 {[%emt 0:00:01]} Rxd4 {[%emt 0:00:00]} 23. Rd1 {[%emt 0:00:01]} Rxd1+ {[%emt 0:00:00]} 24. Bxd1 {[%emt 0:00:00]} Kf8 {[%emt 0:00:00]} 25. Kf2 {[%emt 0:00:00]} Ke8 {[%emt 0:00:01]} 26. Ke3 {[%emt 0:00:00]} Kd7 {[%emt 0:00:00]} 27. Kd4 {[%emt 0:00:01]} Kd6 {[%emt 0:00:00]} 28. a3 {[%emt 0:00:01]} Bd7 {[%emt 0:00:01]} 29. b4 {[%emt 0:00:01]} e5+ {[%emt 0:00:01]} 30. Kc4 {[%emt 0:00:01]} Bc6 {[%emt 0:00:01]} 31. a4 {[%emt 0:00:03]} Bb7 {[%emt 0:00:00]} 32. b5 {[%emt 0:00:01]} f5 {[%emt 0:00:00]} 33. a5 {[%emt 0:00:00]} e4 {[%emt 0:00:01]} 34. fxe4 {[%emt 0:00:02]} Bxe4 {[%emt 0:00:00]} 35. g3 {[%emt 0:00:01]} g5 {[%emt 0:00:02]} 36. Kd4 {[%emt 0:00:01]} Bb7 {[%emt 0:00:02]} 37. Bb3 {[%emt 0:00:04]} f4 {[%emt 0:00:01]} 38. gxf4 {[%emt 0:00:02]} gxf4 {[%emt 0:00:00]} 39. a6 {[%emt 0:00:02]} Ba8 {[%emt 0:00:01]} 40. Bd1 {[%emt 0:00:01]} f3 {[%emt 0:00:04]} 41. Ke3 {[%emt 0:00:01]} Kc5 {[%emt 0:00:00]} 42. Ba4 {[%emt 0:00:04]} Kb4 {[%emt 0:00:01]} 43. b6 {[%emt 0:00:01]} axb6 {[%emt 0:00:02]} 44. Bd7 {[%emt 0:00:01]} Ka5 {[%emt 0:00:01]} 45. a7 {[%emt 0:00:00]} Ka6 {[%emt 0:00:01]} 46. Bg4 {[%emt 0:00:02]} Kxa7 {[%emt 0:00:01]} 47. Bxf3 {[%emt 0:00:01]} Bxf3 {[%emt 0:00:00]} 48. Kxf3 {[%emt 0:00:00]} Ka6 {[%emt 0:00:00]} 49. Kg4 {[%emt 0:00:00]} Kb5 {[%emt 0:00:00]} 50. Kg5 {[%emt 0:00:00]} Kc4 {[%emt 0:00:00]} 51. Kh6 {[%emt 0:00:00]} b5 {[%emt 0:00:00]} 52. Kxh7 {[%emt 0:00:00]} b4 {[%emt 0:00:00]} 53. h4 {[%emt 0:00:00]} b3 {[%emt 0:00:00]} 54. h5 {[%emt 0:00:00]} b2 {[%emt 0:00:00]} 55. h6 {[%emt 0:00:00]} b1=Q+ {[%emt 0:00:00]} 56. Kg8 {[%emt 0:00:00]} Qg1+ {[%emt 0:00:00]} 57. Kh8 {[%emt 0:00:01]} Qg6 {[%emt 0:00:03]} 58. h7 {[%emt 0:00:01]} Qe8+ {[%emt 0:00:00] Czas partii (Lag: Av=0.68s, max=1.3s)} 0-1

[Event "178th Stay Safe Play From Home series"]
[Site "T#646379Emanuel Laske"]
[Date "2020.05.27"]
[Round "7"]
[White "SecantFX"]
[Black "Fischer_11"]
[Result "0-1"]
[WhiteElo "1914"]
[BlackElo "1949"]
[Annotator "NA"]
[PlyCount "128"]
[EventDate "2020.05.27"]
[EventType "swiss (blitz)"]

1. g3 {[%emt 0:00:01]} Nf6 {[%emt 0:00:03]} 2. Bg2 {[%emt 0:00:00]} g6 {[%emt 0:00:00]} 3. f4 {[%emt 0:00:00]} Bg7 {[%emt 0:00:00]} 4. c3 {[%emt 0:00:00]} O-O {[%emt 0:00:00]} 5. d4 {[%emt 0:00:00]} e5 {[%emt 0:00:00]} 6. Nd2 {[%emt 0:00:00]} exf4 {[%emt 0:00:00]} 7. gxf4 {[%emt 0:00:01]} Re8 {[%emt 0:00:00]} 8. e4 {[%emt 0:00:00]} d6 {[%emt 0:00:04]} 9. e5 {[%emt 0:00:01]} dxe5 {[%emt 0:00:01]} 10. fxe5 {[%emt 0:00:00]} Ng4 {[%emt 0:00:01]} 11. Ne4 {[%emt 0:00:01]} Qh4+ {[%emt 0:00:02]} 12. Kd2 {[%emt 0:00:02]} Bh6+ {[%emt 0:00:04]} 13. Kd3 {[%emt 0:00:01]} Bf5 {[%emt 0:00:03]} 14. Nf3 {[%emt 0:00:02]} Bxe4+ {[%emt 0:00:01]} 15. Kxe4 {[%emt 0:00:07]} Nf2+ {[%emt 0:00:02]} 16. Kd5 {[%emt 0:00:00]} Qe4+ {[%emt 0:00:02]} 17. Kc4 {[%emt 0:00:02]} Nxd1 {[%emt 0:00:01]} 18. Bxh6 {[%emt 0:00:05]} Nxb2+ {[%emt 0:00:03]} 19. Kb3 {[%emt 0:00:02]} Nd3 {[%emt 0:00:02]} 20. Rad1 {[%emt 0:00:02]} Nf2 {[%emt 0:00:03]} 21. Rde1 {[%emt 0:00:01]} Qxf3 {[%emt 0:00:02]} 22. Bxf3 {[%emt 0:00:01]} Nxh1 {[%emt 0:00:00]} 23. Bxh1 {[%emt 0:00:01]} Nc6 {[%emt 0:00:01]} 24. Bxc6 {[%emt 0:00:01]} bxc6 {[%emt 0:00:01]} 25. Ka4 {[%emt 0:00:01]} f6 {[%emt 0:00:01]} 26. e6 {[%emt 0:00:02]} Re7 {[%emt 0:00:01]} 27. c4 {[%emt 0:00:01]} Rae8 {[%emt 0:00:01]} 28. d5 {[%emt 0:00:00]} cxd5 {[%emt 0:00:00]} 29. cxd5 {[%emt 0:00:00]} Rd8 {[%emt 0:00:01]} 30. Rc1 {[%emt 0:00:04]} Rxd5 {[%emt 0:00:02]} 31. Rc6 {[%emt 0:00:00]} Rd6 {[%emt 0:00:01]} 32. Rc5 {[%emt 0:00:03]} Rdxe6 {[%emt 0:00:01]} 33. Bd2 {[%emt 0:00:00]} Re4+ {[%emt 0:00:00]} 34. Bb4 {[%emt 0:00:00]} Kf7 {[%emt 0:00:03]} 35. a3 {[%emt 0:00:00]} f5 {[%emt 0:00:01]} 36. Rc2 {[%emt 0:00:00]} Rxb4+ {[%emt 0:00:01]} 37. axb4 {[%emt 0:00:01]} g5 {[%emt 0:00:00]} 38. b5 {[%emt 0:00:00]} f4 {[%emt 0:00:00]} 39. Ka5 {[%emt 0:00:00]} Kg6 {[%emt 0:00:00]} 40. Rf2 {[%emt 0:00:00]} Kf5 {[%emt 0:00:01]} 41. Ka6 {[%emt 0:00:00]} h5 {[%emt 0:00:00]} 42. Kxa7 {[%emt 0:00:00]} Re6 {[%emt 0:00:01]} 43. Kb7 {[%emt 0:00:01]} Re7 {[%emt 0:00:00]} 44. Kc6 {[%emt 0:00:01]} g4 {[%emt 0:00:00]} 45. h3 {[%emt 0:00:02]} Rf7 {[%emt 0:00:00]} 46. hxg4+ {[%emt 0:00:01]} hxg4 {[%emt 0:00:00]} 47. Rd2 {[%emt 0:00:01]} Rf6+ {[%emt 0:00:00]} 48. Kb7 {[%emt 0:00:01]} g3 {[%emt 0:00:00]} 49. Rd5+ {[%emt 0:00:00]} Kg4 {[%emt 0:00:01]} 50. Rc5 {[%emt 0:00:00]} Rf7 {[%emt 0:00:01]} 51. Rc6 {[%emt 0:00:00]} Rf8 {[%emt 0:00:02]} 52. Rxc7 {[%emt 0:00:00]} Kf3 {[%emt 0:00:00]} 53. Rc8 {[%emt 0:00:01]} g2 {[%emt 0:00:00]} 54. Rxf8 {[%emt 0:00:01]} g1=Q {[%emt 0:00:00]} 55. Rxf4+ {[%emt 0:00:00]} Kxf4 {[%emt 0:00:01]} 56. b6 {[%emt 0:00:00]} Qg5 {[%emt 0:00:00]} 57. Ka7 {[%emt 0:00:00]} Qg7+ {[%emt 0:00:00]} 58. b7 {[%emt 0:00:00]} Qg6 {[%emt 0:00:00]} 59. b8=Q+ {[%emt 0:00:00]} Kg4 {[%emt 0:00:01]} 60. Qb6 {[%emt 0:00:00]} Kh4 {[%emt 0:00:00]} 61. Ka6 {[%emt 0:00:01]} Qg4 {[%emt 0:00:00]} 62. Qf6+ {[%emt 0:00:01]} Kh3 {[%emt 0:00:00]} 63. Qh6+ {[%emt 0:00:01] .} Kg2 {[%emt 0:00:01]} 64. Qe6 {[%emt 0:00:00]} Kf2 {[%emt 0:00:00]} 0-1

[Event "178th Stay Safe Play From Home series"]
[Site "T#646379Emanuel Laske"]
[Date "2020.05.27"]
[Round "7"]
[White "NeatFox"]
[Black "Emresenar"]
[Result "1-0"]
[WhiteElo "1845"]
[BlackElo "1728"]
[Annotator "NA"]
[PlyCount "105"]
[EventDate "2020.05.27"]
[EventType "swiss (blitz)"]

1. g4 {[%emt 0:00:01]} b6 {[%emt 0:00:00]} 2. Bg2 {[%emt 0:00:00]} c6 {[%emt 0:00:01]} 3. b4 {[%emt 0:00:01]} Bb7 {[%emt 0:00:00]} 4. b5 {[%emt 0:00:00]} Nf6 {[%emt 0:00:03]} 5. bxc6 {[%emt 0:00:01]} Bxc6 {[%emt 0:00:02]} 6. Bxc6 {[%emt 0:00:01]} Nxc6 {[%emt 0:00:01]} 7. g5 {[%emt 0:00:00]} Ne4 {[%emt 0:00:01]} 8. d3 {[%emt 0:00:00]} Nd6 {[%emt 0:00:01]} 9. c4 {[%emt 0:00:00]} Qc7 {[%emt 0:00:02]} 10. Bb2 {[%emt 0:00:01]} e6 {[%emt 0:00:01]} 11. Nc3 {[%emt 0:00:00]} Ke7 {[%emt 0:00:02]} 12. h4 {[%emt 0:00:00]} f6 {[%emt 0:00:03]} 13. f4 {[%emt 0:00:01]} fxg5 {[%emt 0:00:01]} 14. fxg5 {[%emt 0:00:00]} Rg8 {[%emt 0:00:02]} 15. Nf3 {[%emt 0:00:00]} g6 {[%emt 0:00:01]} 16. Ne4 {[%emt 0:00:06]} Nxe4 {[%emt 0:00:03]} 17. dxe4 {[%emt 0:00:00]} Bg7 {[%emt 0:00:02]} 18. e5 {[%emt 0:00:03]} Bxe5 {[%emt 0:00:02]} 19. Nxe5 {[%emt 0:00:01]} Nxe5 {[%emt 0:00:00]} 20. Rc1 {[%emt 0:00:04]} Ng4 {[%emt 0:00:03]} 21. Qd4 {[%emt 0:00:01]} Qg3+ {[%emt 0:00:01]} 22. Kd1 {[%emt 0:00:01]} Nf2+ {[%emt 0:00:01]} 23. Kc2 {[%emt 0:00:01]} Nxh1 {[%emt 0:00:04]} 24. Qf6+ {[%emt 0:00:01]} Ke8 {[%emt 0:00:01]} 25. Rxh1 {[%emt 0:00:03]} Qg4 {[%emt 0:00:03]} 26. Ba3 {[%emt 0:00:02]} Qf5+ {[%emt 0:00:02]} 27. Qxf5 {[%emt 0:00:02]} gxf5 {[%emt 0:00:00]} 28. Rd1 {[%emt 0:00:01]} Rd8 {[%emt 0:00:02]} 29. Bd6 {[%emt 0:00:01]} Kf7 {[%emt 0:00:01]} 30. Rh1 {[%emt 0:00:01]} Rg6 {[%emt 0:00:01]} 31. e3 {[%emt 0:00:01]} Ke8 {[%emt 0:00:02]} 32. Rg1 {[%emt 0:00:01]} Rc8 {[%emt 0:00:01]} 33. Kd3 {[%emt 0:00:01]} Rg8 {[%emt 0:00:00]} 34. h5 {[%emt 0:00:00]} Rc6 {[%emt 0:00:01]} 35. Be5 {[%emt 0:00:02]} Kf7 {[%emt 0:00:01]} 36. Bf6 {[%emt 0:00:00]} Rd6+ {[%emt 0:00:01]} 37. Bd4 {[%emt 0:00:02]} Rc6 {[%emt 0:00:00]} 38. e4 {[%emt 0:00:01]} d6 {[%emt 0:00:00]} 39. exf5 {[%emt 0:00:00]} exf5 {[%emt 0:00:00]} 40. Bf6 {[%emt 0:00:03]} Rc7 {[%emt 0:00:00]} 41. Kd4 {[%emt 0:00:01]} Rd7 {[%emt 0:00:00]} 42. Kd5 {[%emt 0:00:00]} Rc8 {[%emt 0:00:01]} 43. Re1 {[%emt 0:00:01]} Rc5+ {[%emt 0:00:00]} 44. Kd4 {[%emt 0:00:01]} Rdc7 {[%emt 0:00:01]} 45. Rf1 {[%emt 0:00:01]} Rxc4+ {[%emt 0:00:00]} 46. Ke3 {[%emt 0:00:01]} R4c6 {[%emt 0:00:00]} 47. Kf4 {[%emt 0:00:00]} Rc3 {[%emt 0:00:00]} 48. Kxf5 {[%emt 0:00:00]} R3c4 {[%emt 0:00:00]} 49. g6+ {[%emt 0:00:01]} hxg6+ {[%emt 0:00:01]} 50. hxg6+ {[%emt 0:00:00]} Kg8 {[%emt 0:00:00]} 51. Rh1 {[%emt 0:00:01]} R4c5+ {[%emt 0:00:00]} 52. Ke6 {[%emt 0:00:00]} Rc4 {[%emt 0:00:00]} 53. Rh8# {[%emt 0:00:01] (Lag: Av=0.59s, max=0.8s)} 1-0

[Event "178th Stay Safe Play From Home series"]
[Site "T#646379Emanuel Laske"]
[Date "2020.05.27"]
[Round "7"]
[White "Tunca"]
[Black "Grizzzly"]
[Result "1-0"]
[WhiteElo "1801"]
[BlackElo "1728"]
[Annotator "NA"]
[PlyCount "43"]
[EventDate "2020.05.27"]
[EventType "swiss (blitz)"]

1. e4 {[%emt 0:00:01]} e6 {[%emt 0:00:01]} 2. d4 {[%emt 0:00:01]} d5 {[%emt 0:00:00]} 3. Nd2 {[%emt 0:00:01]} dxe4 {[%emt 0:00:01]} 4. Nxe4 {[%emt 0:00:00]} Nd7 {[%emt 0:00:02]} 5. Nf3 {[%emt 0:00:00]} Ngf6 {[%emt 0:00:00]} 6. Bd3 {[%emt 0:00:01]} Be7 {[%emt 0:00:00]} 7. Ng3 {[%emt 0:00:01]} O-O {[%emt 0:00:00]} 8. O-O {[%emt 0:00:00]} b6 {[%emt 0:00:01]} 9. Re1 {[%emt 0:00:00]} Bb7 {[%emt 0:00:00]} 10. c3 {[%emt 0:00:01]} c5 {[%emt 0:00:00]} 11. dxc5 {[%emt 0:00:01]} Nxc5 {[%emt 0:00:01]} 12. Bc2 {[%emt 0:00:01]} Qxd1 {[%emt 0:00:01]} 13. Rxd1 {[%emt 0:00:00]} Rfd8 {[%emt 0:00:01]} 14. Bf4 {[%emt 0:00:01]} Rab8 {[%emt 0:00:01]} 15. Bxb8 {[%emt 0:00:01]} Rxb8 {[%emt 0:00:01]} 16. Ne5 {[%emt 0:00:02]} Bd5 {[%emt 0:00:01]} 17. c4 {[%emt 0:00:03]} Bb7 {[%emt 0:00:01]} 18. b4 {[%emt 0:00:02]} Na6 {[%emt 0:00:03]} 19. a3 {[%emt 0:00:01]} Nc7 {[%emt 0:00:01]} 20. Nd7 {[%emt 0:00:01]} Nxd7 {[%emt 0:00:02]} 21. Rxd7 {[%emt 0:00:00]} Bd8 {[%emt 0:00:01]} 22. Rad1 {[%emt 0:00:01] Grizzzly gibt auf (Lag: Av=0.31s, max=0.5s)} 1-0

[Event "178th Stay Safe Play From Home series"]
[Site "T#646379Emanuel Laske"]
[Date "2020.05.27"]
[Round "7"]
[White "matanant"]
[Black "Trotsky"]
[Result "1-0"]
[WhiteElo "1647"]
[BlackElo "1560"]
[Annotator "NA"]
[PlyCount "39"]
[EventDate "2020.05.27"]
[EventType "swiss (blitz)"]

1. e3 {[%emt 0:00:03]} c5 {[%emt 0:00:01]} 2. d4 {[%emt 0:00:01]} cxd4 {[%emt 0:00:01]} 3. exd4 {[%emt 0:00:01]} e6 {[%emt 0:00:00]} 4. Nc3 {[%emt 0:00:02]} d6 {[%emt 0:00:01]} 5. Be3 {[%emt 0:00:02]} Nc6 {[%emt 0:00:01]} 6. Bb5 {[%emt 0:00:03]} Qc7 {[%emt 0:00:01]} 7. Nf3 {[%emt 0:00:02]} a6 {[%emt 0:00:01]} 8. Ba4 {[%emt 0:00:02]} b5 {[%emt 0:00:01]} 9. Bb3 {[%emt 0:00:02]} Bb7 {[%emt 0:00:01]} 10. O-O {[%emt 0:00:02]} Nf6 {[%emt 0:00:01]} 11. Ne2 {[%emt 0:00:03]} Rd8 {[%emt 0:00:01]} 12. c3 {[%emt 0:00:01]} Be7 {[%emt 0:00:01]} 13. Ng3 {[%emt 0:00:02]} O-O {[%emt 0:00:01]} 14. Bc2 {[%emt 0:00:02]} Kh8 {[%emt 0:00:01]} 15. Bg5 {[%emt 0:00:03]} e5 {[%emt 0:00:06]} 16. Bxf6 {[%emt 0:00:04]} gxf6 {[%emt 0:00:01]} 17. Qd3 {[%emt 0:00:02]} e4 {[%emt 0:00:06]} 18. Nxe4 {[%emt 0:00:02]} f5 {[%emt 0:00:02]} 19. Neg5 {[%emt 0:00:04]} Bf6 {[%emt 0:00:02]} 20. Qxf5 {[%emt 0:00:02] Trotsky Ñäàåòñÿ (Lag: Av=0.58s, max=0.8s)} 1-0

[Event "178th Stay Safe Play From Home series"]
[Site "T#646379Emanuel Laske"]
[Date "2020.05.27"]
[Round "7"]
[White "Haris kollari 13"]
[Black "The Next Contender"]
[Result "0-1"]
[WhiteElo "1633"]
[BlackElo "1889"]
[Annotator "NA"]
[PlyCount "74"]
[EventDate "2020.05.27"]
[EventType "swiss (blitz)"]

1. e4 {[%emt 0:00:01]} d5 {[%emt 0:00:00]} 2. f3 {[%emt 0:00:01]} dxe4 {[%emt 0:00:01]} 3. fxe4 {[%emt 0:00:01]} Nf6 {[%emt 0:00:03]} 4. d3 {[%emt 0:00:01]} e5 {[%emt 0:00:01]} 5. Nf3 {[%emt 0:00:01]} Bd6 {[%emt 0:00:01]} 6. Be2 {[%emt 0:00:01]} O-O {[%emt 0:00:00]} 7. Bg5 {[%emt 0:00:01]} h6 {[%emt 0:00:01]} 8. Bh4 {[%emt 0:00:02]} Nbd7 {[%emt 0:00:01]} 9. Nc3 {[%emt 0:00:01]} Be7 {[%emt 0:00:01]} 10. Qd2 {[%emt 0:00:01]} Nh7 {[%emt 0:00:01]} 11. Bxe7 {[%emt 0:00:02]} Qxe7 {[%emt 0:00:00]} 12. O-O-O {[%emt 0:00:01]} c5 {[%emt 0:00:00]} 13. Nd5 {[%emt 0:00:03]} Qd8 {[%emt 0:00:01]} 14. h4 {[%emt 0:00:02]} b6 {[%emt 0:00:02]} 15. g4 {[%emt 0:00:01]} Bb7 {[%emt 0:00:01]} 16. c4 {[%emt 0:00:01]} Bxd5 {[%emt 0:00:04]} 17. exd5 {[%emt 0:00:01]} f5 {[%emt 0:00:01]} 18. g5 {[%emt 0:00:01]} h5 {[%emt 0:00:01]} 19. Rhg1 {[%emt 0:00:06]} g6 {[%emt 0:00:01]} 20. Kb1 {[%emt 0:00:02]} b5 {[%emt 0:00:02]} 21. Qc3 {[%emt 0:00:01]} Qe7 {[%emt 0:00:01]} 22. cxb5 {[%emt 0:00:03]} Rfe8 {[%emt 0:00:01]} 23. a4 {[%emt 0:00:01]} a6 {[%emt 0:00:01]} 24. bxa6 {[%emt 0:00:02]} Rxa6 {[%emt 0:00:01]} 25. b3 {[%emt 0:00:00]} Rb6 {[%emt 0:00:01]} 26. Kc2 {[%emt 0:00:01]} Reb8 {[%emt 0:00:01]} 27. Rb1 {[%emt 0:00:01]} e4 {[%emt 0:00:01]} 28. dxe4 {[%emt 0:00:01]} fxe4 {[%emt 0:00:00]} 29. Nd2 {[%emt 0:00:02]} e3 {[%emt 0:00:01]} 30. Nf3 {[%emt 0:00:01]} Rb4 {[%emt 0:00:03]} 31. Bd3 {[%emt 0:00:02]} Nhf8 {[%emt 0:00:01]} 32. Rge1 {[%emt 0:00:03]} Nb6 {[%emt 0:00:01]} 33. Bb5 {[%emt 0:00:04]} Nxd5 {[%emt 0:00:01]} 34. Qe5 {[%emt 0:00:03]} Qxe5 {[%emt 0:00:02]} 35. Nxe5 {[%emt 0:00:01]} Rd4 {[%emt 0:00:01]} 36. Nd7 {[%emt 0:00:02]} Nb4+ {[%emt 0:00:02]} 37. Kc3 {[%emt 0:00:03]} Rxb5 {[%emt 0:00:01] Time (Lag: Av=0.52s, max=1.1s)} 0-1

[Event "178th Stay Safe Play From Home series"]
[Site "T#646379Emanuel Laske"]
[Date "2020.05.27"]
[Round "8"]
[White "Lamborghini"]
[Black "The Next Contender"]
[Result "0-1"]
[WhiteElo "2272"]
[BlackElo "1895"]
[Annotator "RC"]
[PlyCount "108"]
[EventDate "2020.05.27"]
[EventType "swiss (blitz)"]

1. e4 {[%emt 0:00:04]} d5 {[%emt 0:00:00]} 2. exd5 {[%emt 0:00:01]} Qxd5 {[%emt 0:00:00]} 3. Nc3 {[%emt 0:00:01]} Qa5 {[%emt 0:00:00]} 4. d4 {[%emt 0:00:01]} c6 {[%emt 0:00:00]} 5. Nf3 {[%emt 0:00:01]} Bf5 {[%emt 0:00:00]} 6. Bc4 {[%emt 0:00:01]} e6 {[%emt 0:00:01]} 7. Bd2 {[%emt 0:00:01]} Nf6 {[%emt 0:00:01]} 8. Nd5 {[%emt 0:00:01]} Qd8 {[%emt 0:00:01]} 9. Nxf6+ {[%emt 0:00:01]} Qxf6 {[%emt 0:00:01]} 10. Bb3 {[%emt 0:00:02]} Bd6 {[%emt 0:00:01]} 11. Qe2 {[%emt 0:00:01]} O-O {[%emt 0:00:01]} 12. Ne5 {[%emt 0:00:01]} Qe7 {[%emt 0:00:03]} 13. g4 {[%emt 0:00:02]} Bg6 {[%emt 0:00:01]} 14. h4 {[%emt 0:00:01]} Bxe5 {[%emt 0:00:01]} 15. dxe5 {[%emt 0:00:01]} h6 {[%emt 0:00:02]} 16. h5 {[%emt 0:00:01]} Bh7 {[%emt 0:00:01]} 17. Rg1 {[%emt 0:00:01]} g5 {[%emt 0:00:03]} 18. f4 {[%emt 0:00:03]} gxf4 {[%emt 0:00:02]} 19. Bxf4 {[%emt 0:00:02]} Qb4+ {[%emt 0:00:02]} 20. Bd2 {[%emt 0:00:02]} Qc5 {[%emt 0:00:03]} 21. g5 {[%emt 0:00:03]} Qxg1+ {[%emt 0:00:01]} 22. Qf1 {[%emt 0:00:01]} Qxf1+ {[%emt 0:00:01]} 23. Kxf1 {[%emt 0:00:00]} hxg5 {[%emt 0:00:00]} 24. Bxg5 {[%emt 0:00:01]} Bf5 {[%emt 0:00:00]} 25. Bf6 {[%emt 0:00:01]} Nd7 {[%emt 0:00:01]} 26. Kf2 {[%emt 0:00:01]} Nxf6 {[%emt 0:00:01]} 27. exf6 {[%emt 0:00:00]} Rfd8 {[%emt 0:00:02]} 28. Rg1+ {[%emt 0:00:01]} Kh8 {[%emt 0:00:00]} 29. Ke3 {[%emt 0:00:02]} Rg8 {[%emt 0:00:01]} 30. Rd1 {[%emt 0:00:01]} Rad8 {[%emt 0:00:01]} 31. Re1 {[%emt 0:00:01]} Rg3+ {[%emt 0:00:01]} 32. Kf4 {[%emt 0:00:01]} Rg4+ {[%emt 0:00:00]} 33. Kf3 {[%emt 0:00:01]} Rh4 {[%emt 0:00:01]} 34. Rg1 {[%emt 0:00:03]} Rxh5 {[%emt 0:00:02]} 35. Rg7 {[%emt 0:00:01]} Rh7 {[%emt 0:00:00]} 36. Rg5 {[%emt 0:00:01]} Rh3+ {[%emt 0:00:01]} 37. Kf4 {[%emt 0:00:01]} Rd4+ {[%emt 0:00:01]} 38. Ke5 {[%emt 0:00:02]} c5 {[%emt 0:00:04]} 39. Bd5 {[%emt 0:00:05]} Re3+ {[%emt 0:00:01]} 40. Kd6 {[%emt 0:00:00]} Rxd5+ {[%emt 0:00:01]} 41. Ke7 {[%emt 0:00:00]} Bg6 {[%emt 0:00:03]} 42. Kf8 {[%emt 0:00:00]} Rd8+ {[%emt 0:00:03]} 43. Ke7 {[%emt 0:00:01]} Rc8 {[%emt 0:00:01]} 44. Rg1 {[%emt 0:00:00]} Re2 {[%emt 0:00:01]} 45. Rh1+ {[%emt 0:00:01]} Kg8 {[%emt 0:00:01]} 46. Rc1 {[%emt 0:00:00]} Rd2 {[%emt 0:00:00]} 47. Rg1 {[%emt 0:00:03]} Rcd8 {[%emt 0:00:00]} 48. Rxg6+ {[%emt 0:00:00]} fxg6 {[%emt 0:00:00]} 49. f7+ {[%emt 0:00:00]} Kg7 {[%emt 0:00:01]} 50. f8=Q+ {[%emt 0:00:01]} Rxf8 {[%emt 0:00:00]} 51. Kxe6 {[%emt 0:00:00]} Rf7 {[%emt 0:00:00]} 52. Ke5 {[%emt 0:00:01]} Rdd7 {[%emt 0:00:00]} 53. Ke4 {[%emt 0:00:00]} Rfe7+ {[%emt 0:00:00]} 54. Kf3 {[%emt 0:00:01]} Rd8 {[%emt 0:00:00] Zeit (Lag: Av=0.49s, max=1.1s)} 0-1

[Event "178th Stay Safe Play From Home series"]
[Site "T#646379Emanuel Laske"]
[Date "2020.05.27"]
[Round "8"]
[White "BrainThinker22"]
[Black "Mepe_Nika"]
[Result "1-0"]
[WhiteElo "2218"]
[BlackElo "2267"]
[Annotator "NA"]
[PlyCount "115"]
[EventDate "2020.05.27"]
[EventType "swiss (blitz)"]

1. e4 {[%emt 0:00:01]} e5 {[%emt 0:00:01]} 2. Nf3 {[%emt 0:00:00]} Nc6 {[%emt 0:00:00]} 3. d4 {[%emt 0:00:00]} exd4 {[%emt 0:00:01]} 4. Bc4 {[%emt 0:00:00]} Nf6 {[%emt 0:00:01]} 5. e5 {[%emt 0:00:00]} Ne4 {[%emt 0:00:00]} 6. Bb5 {[%emt 0:00:00]} Be7 {[%emt 0:00:02]} 7. O-O {[%emt 0:00:01]} O-O {[%emt 0:00:01]} 8. Re1 {[%emt 0:00:00]} Nc5 {[%emt 0:00:01]} 9. Nxd4 {[%emt 0:00:01]} Nxd4 {[%emt 0:00:02]} 10. Qxd4 {[%emt 0:00:00]} c6 {[%emt 0:00:01]} 11. Bc4 {[%emt 0:00:00]} d5 {[%emt 0:00:01]} 12. exd6 {[%emt 0:00:00]} Qxd6 {[%emt 0:00:01]} 13. Qxd6 {[%emt 0:00:01]} Bxd6 {[%emt 0:00:00]} 14. Nc3 {[%emt 0:00:01]} Bf5 {[%emt 0:00:01]} 15. Bb3 {[%emt 0:00:04]} Nxb3 {[%emt 0:00:02]} 16. cxb3 {[%emt 0:00:00]} Rfe8 {[%emt 0:00:00]} 17. Bg5 {[%emt 0:00:02]} h6 {[%emt 0:00:01]} 18. Bh4 {[%emt 0:00:01]} a6 {[%emt 0:00:02]} 19. Bg3 {[%emt 0:00:00]} Bxg3 {[%emt 0:00:02]} 20. hxg3 {[%emt 0:00:00]} Rad8 {[%emt 0:00:01]} 21. Red1 {[%emt 0:00:03]} g5 {[%emt 0:00:01]} 22. Rxd8 {[%emt 0:00:01]} Rxd8 {[%emt 0:00:01]} 23. Rd1 {[%emt 0:00:00]} Rxd1+ {[%emt 0:00:01]} 24. Nxd1 {[%emt 0:00:00]} f6 {[%emt 0:00:01]} 25. Ne3 {[%emt 0:00:01]} Be6 {[%emt 0:00:02]} 26. Kf1 {[%emt 0:00:01]} Kf7 {[%emt 0:00:01]} 27. Ke2 {[%emt 0:00:00]} Ke7 {[%emt 0:00:01]} 28. Kd3 {[%emt 0:00:01]} b5 {[%emt 0:00:01]} 29. Kd4 {[%emt 0:00:01]} Kd6 {[%emt 0:00:01]} 30. b4 {[%emt 0:00:00]} Bxa2 {[%emt 0:00:02]} 31. Nf5+ {[%emt 0:00:01]} Ke6 {[%emt 0:00:01]} 32. Nxh6 {[%emt 0:00:00]} Bd5 {[%emt 0:00:01]} 33. f3 {[%emt 0:00:02]} Bc4 {[%emt 0:00:01]} 34. g4 {[%emt 0:00:03]} Bf1 {[%emt 0:00:01]} 35. g3 {[%emt 0:00:01]} Be2 {[%emt 0:00:01]} 36. f4 {[%emt 0:00:01]} Kd6 {[%emt 0:00:04]} 37. Nf5+ {[%emt 0:00:03]} Ke6 {[%emt 0:00:01]} 38. fxg5 {[%emt 0:00:00]} Bxg4 {[%emt 0:00:02]} 39. Ne3 {[%emt 0:00:00]} Bh5 {[%emt 0:00:04]} 40. gxf6 {[%emt 0:00:01]} Kxf6 {[%emt 0:00:00]} 41. Kc5 {[%emt 0:00:01]} Bf3 {[%emt 0:00:01]} 42. Nc2 {[%emt 0:00:03]} Ke5 {[%emt 0:00:01]} 43. Nd4 {[%emt 0:00:01]} Ke4 {[%emt 0:00:04]} 44. Nxc6 {[%emt 0:00:01]} Kd3 {[%emt 0:00:01]} 45. Nd4 {[%emt 0:00:02]} Bg4 {[%emt 0:00:01]} 46. Nc6 {[%emt 0:00:07]} Kc2 {[%emt 0:00:00]} 47. Nb8 {[%emt 0:00:00]} Kxb2 {[%emt 0:00:01]} 48. Nxa6 {[%emt 0:00:00]} Be2 {[%emt 0:00:01]} 49. Nc7 {[%emt 0:00:01]} Kc3 {[%emt 0:00:00]} 50. Nxb5+ {[%emt 0:00:00]} Kd3 {[%emt 0:00:00]} 51. Nd6 {[%emt 0:00:01]} Ke3 {[%emt 0:00:01]} 52. g4 {[%emt 0:00:01]} Kf4 {[%emt 0:00:01]} 53. g5 {[%emt 0:00:00]} Kxg5 {[%emt 0:00:01]} 54. Ne4+ {[%emt 0:00:01]} Kf4 {[%emt 0:00:02]} 55. Nc3 {[%emt 0:00:00]} Bf3 {[%emt 0:00:00]} 56. Na4 {[%emt 0:00:01]} Ke5 {[%emt 0:00:00]} 57. Nb6 {[%emt 0:00:00]} Ke6 {[%emt 0:00:00]} 58. Nc8 {[%emt 0:00:00] Time (Lag: Av=0.33s, max=0.8s)} 1-0